000 00748nam a2200181Ia 4500
008 151018s9999 xx 000 0 und d
082 _bRBASDV28448
_a891.464
100 _aशिरीष पै
245 _aआचार्य अत्रे जेव्हा विद्यार्थी होते
250 _b1
260 _bपरचुरे प्रकाशन मुंबई
_c1990
300 _a32
600 _aशिरीष पै
630 _aआचार्य अत्रे जेव्हा विद्यार्थी होते
700 _aशिरीष पै
730 _aआचार्य अत्रे जेव्हा विद्यार्थी होते
942 _cBOOK
999 _c1028021
_d1028018